Gestión integral de residuos sólidos / (Registro nro. 595)

Detalles MARC
000 -LEADER
campo de control de longitud fija 04601nam a22007337a 4500
001 - NÚMERO DE CONTROL
campo de control 42835
003 - IDENTIFICADOR DE NÚMERO DE CONTROL
campo de control gtgccic
005 - FECHA Y HORA DE LA ÚLTIMA TRANSACCIÓN
campo de control 20250520104658.0
007 - CAMPO FIJO DE DESCRIPCIÓN FÍSICA--INFORMACIÓN GENERAL
campo de control de longitud fija ta
008 - DATOS DE LONGITUD FIJA--INFORMACIÓN GENERAL
campo de control de longitud fija 250520b sp ||||| |||| 00| 0 spa d
020 ## - NÚMERO INTERNACIONAL ESTÁNDAR DEL LIBRO
Número Internacional Estándar del Libro 8448117786 (Vol. I)
020 ## - NÚMERO INTERNACIONAL ESTÁNDAR DEL LIBRO
Número Internacional Estándar del Libro 8448117654 (Vol. II)
020 ## - NÚMERO INTERNACIONAL ESTÁNDAR DEL LIBRO
Número Internacional Estándar del Libro 8448117662 (Obra completa)
040 ## - FUENTE DE CATALOGACIÓN
Centro catalogador/agencia de origen gtgccic
Lengua de catalogación spa
Centro/agencia transcriptor gtgccic
Centro/agencia modificador gtgccic
Normas de descripción rda
082 ## - NÚMERO DE LA CLASIFICACIÓN DECIMAL DEWEY
Número de clasificación 628.445 T252 v. I
082 ## - NÚMERO DE LA CLASIFICACIÓN DECIMAL DEWEY
Número de clasificación 628.445 T252 v. II
100 1# - ENTRADA PRINCIPAL--NOMBRE DE PERSONA
Nombre de persona Tchobanoglous, George
Títulos y otros términos asociados al nombre Catedrático de Ingeniería Civil y ambiental. Universidad de California Davis
Término indicativo de función/relación Autor
245 ## - MENCIÓN DEL TÍTULO
Título Gestión integral de residuos sólidos /
Mención de responsabilidad, etc. George Tchobanoglous.
250 ## - MENCION DE EDICION
Mención de edición Traducido de la primera edición en inglés
Resto de la mención de edición Integrated solid waste management
264 ## - PRODUCCIÓN, PUBLICACIÓN, DISTRIBUCIÓN, FABRICACIÓN Y COPYRIGHT
Producción, publicación, distribución, fabricación y copyright España :
Nombre del de productor, editor, distribuidor, fabricante McGraw-Hill ;
Fecha de producción, publicación, distribución, fabricación o copyright 1994.
300 ## - DESCRIPCIÓN FÍSICA
Extensión xxiii, 607 p. (vol. I) :
Otras características físicas il.
Dimensiones 25 cm
300 ## - DESCRIPCIÓN FÍSICA
Extensión xxiii, 1107 p. (vol. II) :
Otras características físicas il.
Dimensiones 25 cm
336 ## - TIPO DE CONTENIDO
Fuente rdacontenido
Término de tipo de contenido texto
Código de tipo de contenido txt
337 ## - TIPO DE MEDIO
Fuente rdamedio
Nombre/término del tipo de medio sin mediación
Código del tipo de medio n
338 ## - TIPO DE SOPORTE
Fuente rdasoporte
Nombre/término del tipo de soporte volumen
Código del tipo de soporte nc
505 ## - NOTA DE CONTENIDO CON FORMATO
Título PARTE I Perspectivas
505 ## - NOTA DE CONTENIDO CON FORMATO
Título 1 EVOLUCIÓN DE LA GESTIÓN DE RESIDUOS SÓLIDOS
505 ## - NOTA DE CONTENIDO CON FORMATO
Título 2 TENDENCIAS E IMPACTOS LEGISLATIVOS
505 ## - NOTA DE CONTENIDO CON FORMATO
Título PARTE II Orígenes, composición y propiedades de los residuos sólidos
505 ## - NOTA DE CONTENIDO CON FORMATO
Título 3 ORÍGENES, TIPOS Y COMPOSICIÓN DE LOS RESIDUOS SÓLIDOS URBANOS
505 ## - NOTA DE CONTENIDO CON FORMATO
Título 4 PROPIEDADES FÍSICAS, QUÍMICAS Y BIOLÓGICAS DE LOS RESIDUOS SÓLIDOS URBANOS
505 ## - NOTA DE CONTENIDO CON FORMATO
Título 5 ORÍGENES, TIPOS Y PROPIEDADES DE LOS RESIDUOS PELIGROSOS ENCONTRADOS EN LOS RESIDUOS SÓLIDOS <br/> URBANOS
505 ## - NOTA DE CONTENIDO CON FORMATO
Título PARTE III Principios de ingeniería
505 ## - NOTA DE CONTENIDO CON FORMATO
Título 6 TASAS DE GENERACIÓN Y RECOLECCIÓN DE RESIDUOS SÓLIDOS
505 ## - NOTA DE CONTENIDO CON FORMATO
Título 7 MANIPULACIÓN Y SEPARACIÓN, ALMACENAMIENTO Y PROCESAMIENTO DE RESIDUOS EN ORIGEN
505 ## - NOTA DE CONTENIDO CON FORMATO
Título 8 RECOLECCIÓN DE RESIDUOS SÓLIDOS
505 ## - NOTA DE CONTENIDO CON FORMATO
Título 9 SEPARACIÓN Y PROCESAMIENTO Y TRANSFORMACIÓN DE RESIDUOS SÓLIDOS
505 ## - NOTA DE CONTENIDO CON FORMATO
Título 10 TRANSFERENCIA Y TRANSPORTE
505 ## - NOTA DE CONTENIDO CON FORMATO
Título 11 EVACUACIÓN DE RESIDUOS SÓLIDOS Y RECHAZOS
505 ## - NOTA DE CONTENIDO CON FORMATO
Título VOLUMEN II
505 ## - NOTA DE CONTENIDO CON FORMATO
Título PARTE IV Separación, transformación y reciclaje de materiales residuales
505 ## - NOTA DE CONTENIDO CON FORMATO
Título 12 TECNOLOGÍAS DE PROCESAMIENTO Y SEPARACIÓN DE MATERIALES
505 ## - NOTA DE CONTENIDO CON FORMATO
Título 13 TECNOLOGÍAS DE CONVERSIÓN TÉRMICA
505 ## - NOTA DE CONTENIDO CON FORMATO
Título 14 TECNOLOGÍAS DE CONVERSIÓN BIOLÓGICA Y QUÍMICA
505 ## - NOTA DE CONTENIDO CON FORMATO
Título 15 RECICLAJE DE MATERIALES ENCONTRADOS EN LOS RESIDUOS SÓLIDOS URBANOS
505 ## - NOTA DE CONTENIDO CON FORMATO
Título PARTE V Clausura, restauración y rehabilitación de vertederos
505 ## - NOTA DE CONTENIDO CON FORMATO
Título 16 CLAUSURA DE VERTEDEROS
505 ## - NOTA DE CONTENIDO CON FORMATO
Título 17 SOLUCIONES PARA LUGARES DE EVACUACIÓN DE RESIDUOS FUERA DE SERVICIO
505 ## - NOTA DE CONTENIDO CON FORMATO
Título 18 CUMPLIENDO OBJETIVOS ESTATALES Y FEDERALES DE DESVIACIÓN
505 ## - NOTA DE CONTENIDO CON FORMATO
Título 19 IMPLANTACIÓN DE ALTERNATIVAS DE GESTIÓN DE RESIDUOS SÓLIDOS
505 ## - NOTA DE CONTENIDO CON FORMATO
Título 20 PLANIFICACIÓN, LOCALIZACIÓN Y PERMISOS DE INSTALACIONES DE GESTIÓN DE RESIDUOS
505 ## - NOTA DE CONTENIDO CON FORMATO
Título Apéndices
520 ## - RESUMEN, ETC.
Sumario, etc. Residuos sólidos son todos los residuos que surgen de las actividades humanas y animales, que normalmente son sólidos y que se desechan como inútiles o no queridos. Los materiales de los residuos desechados a menudo son reutilizables y se pueden considerar como un recurso en otro marco. Gestión Integrada de Residuos sólidos es el término aplicado a todas las actividades asociadas con la gestión de los residuos dentro de la sociedad. La meta básica de la Gestión Integrada de Residuos Sólidos es gestionar los residuos de la sociedad de una forma que sea compatible con las preocupaciones ambientales y la salud pública, y con los deseos del público respecto a la reutilización y el reciclaje de materiales residuales.
650 ## - PUNTO DE ACCESO ADICIONAL DE MATERIA--TÉRMINO DE MATERIA
Término de materia o nombre geográfico como elemento de entrada ADMINISTRACIÓN DE DESPERDICIOS SÓLIDOS
650 ## - PUNTO DE ACCESO ADICIONAL DE MATERIA--TÉRMINO DE MATERIA
Término de materia o nombre geográfico como elemento de entrada DESECHOS
650 ## - PUNTO DE ACCESO ADICIONAL DE MATERIA--TÉRMINO DE MATERIA
Término de materia o nombre geográfico como elemento de entrada INGENIERÍA AMBIENTAL
700 ## - ENTRADA AGREGADA--NOMBRE PERSONAL
Nombre de persona Hilary Theisen
Fechas asociadas al nombre Vicepresidente
Término indicativo de función/relación Autor
Forma completa/desarrollada del nombre Brown and Caldwell Consulting Engineers
700 ## - ENTRADA AGREGADA--NOMBRE PERSONAL
Nombre de persona Samuel Vigil
Fechas asociadas al nombre Catedrático de Ingeniería Civil y Ambiental
Término indicativo de función/relación Autor
Forma completa/desarrollada del nombre Universidad Politécnica del Estado de California, San Luis Obispo. California
700 ## - ENTRADA AGREGADA--NOMBRE PERSONAL
Nombre de persona Juan Ignacio Tejero Monzón
Fechas asociadas al nombre Catedrático de Ingeiería Sanitaria y Ambiental
Forma completa/desarrollada del nombre E.T.S. Ingenieros de Caminos (Universidad de Cantabria)
700 ## - ENTRADA AGREGADA--NOMBRE PERSONAL
Nombre de persona José Luis Gil Díaz
Fechas asociadas al nombre Catedrático de la Escuela Universitaria de Ingeniería Química
Forma completa/desarrollada del nombre Dpto. de Química Universidad de Cantabria
700 ## - ENTRADA AGREGADA--NOMBRE PERSONAL
Nombre de persona Marcel Szanto Narea
Fechas asociadas al nombre Académico de la Universidad Católica de Valparaíso (Chile)
Término indicativo de función/relación Traducción y revisión técnica
Forma completa/desarrollada del nombre Profesor Visitante de la Univ. de Cantabria
942 ## - ELEMENTOS DE ENTRADA SECUNDARIOS (KOHA)
Fuente de la clasificación o esquema de estantería Clasificación Decimal Dewey
Tipo de ítem Koha Libros
Suprimir en OPAC No
945 ## - PROCESAMIENTO DE INFORMACIÓN LOCAL (OCLC)
a amlo
Existencias
Estatus retirado Estado de pérdida Fuente de la clasificación o esquema de estantería Estado de daño No para préstamo Biblioteca de origen Biblioteca actual Ubicación en estantería Fecha de adquisición Fuente de adquisición Número de inventario Total de préstamos Signatura topográfica completa Código de barras Visto por última vez Copia número Precio de reemplazo Tipo de ítem Koha
    Clasificación Decimal Dewey     CENTRO DE INFORMACIÓN A LA CONSTRUCCIÓN-CICON CENTRO DE INFORMACIÓN A LA CONSTRUCCIÓN-CICON Colección general 20/05/2025 compra 8.3.01.H.10000/95   628.445 T252 v. I, v.II Cicon8.3.01.H.10000/ 20/05/2025 1 20/05/2025 Libros